| 000 | 00595nam a22001937a 4500 | ||
|---|---|---|---|
| 005 | 20180419094606.0 | ||
| 010 | _aENG-122526 | ||
| 020 |
_a9789383166251 _c850.00 |
||
| 035 | _aEN-106058 | ||
| 037 | _bDBAD/PUB. | ||
| 082 | _a370.954 | ||
| 100 | _aVimala Ramachandran | ||
| 245 |
_aInside indian schools: _cby Vimala Ramachandran _bthe enigma of equity and quality / |
||
| 260 |
_aNew Delhi _bSocial Science Press _c2018 |
||
| 270 |
_a69, Jor Bagh, _bNew Delhi _e110003 |
||
| 300 |
_a271p. _bill. _c22cm.(Hb) |
||
| 500 | _aIncludes index | ||
| 942 |
_2ddc _cEN _mVIM _h370.954 |
||
| 999 |
_c150910 _d150910 |
||